MARC

LEADER 00000nam0a2200000 4500
001 278149
005 20231101235102.0
020 |a RU  |b 86-33291 
035 |a (RuTPU)RU\TPU\book\301426 
090 |a 278149 
100 |a 20141209d1986 k y0rusy5003 ca 
101 0 |a rus 
102 |a RU 
105 |a a z 001zy 
200 1 |a Огнестойкость железобетонных конструкций  |f А. Ф. Милованов 
210 |a Москва  |c Стройиздат  |d 1986 
215 |a 226 с.  |c ил. 
320 |a Библиогр.: с. 224-225 
606 1 |a Железобетонные конструкции  |x Огнестойкость  |2 stltpush  |3 (RuTPU)RU\TPU\subj\10654  |9 37694 
610 1 |a огонь 
610 1 |a воздействие 
610 1 |a бетон 
610 1 |a свойства 
610 1 |a высокая температура 
610 1 |a арматура 
610 1 |a влияние 
610 1 |a поведение 
675 |a 699.81  |v 4 
700 1 |a Милованов  |b А. Ф.  |g Анатолий Федорович 
801 0 |a RU  |b RuMRKP  |c 19950704  |g psbo 
801 1 |a RU  |b 63413507  |c 20141209 
801 2 |a RU  |b 63413507  |c 20171225  |g RCR 
942 |c BK